<?xml version="1.0" encoding="UTF-8"?>
<collection xmlns="http://www.loc.gov/MARC21/slim">
 <record>
  <leader>00907nam a22002057a 4500</leader>
  <controlfield tag="001">NCT_4_025606</controlfield>
  <controlfield tag="008">250808b        xxu||||| |||| 00| 0 vie d</controlfield>
  <datafield tag="999" ind1=" " ind2=" ">
   <subfield code="c">9265</subfield>
   <subfield code="d">9265</subfield>
  </datafield>
  <datafield tag="020" ind1=" " ind2=" ">
   <subfield code="a">0963362410</subfield>
   <subfield code="c">649000</subfield>
  </datafield>
  <datafield tag="082" ind1="0" ind2="4">
   <subfield code="2">23rd ed.</subfield>
   <subfield code="a">973.92</subfield>
   <subfield code="b">H432</subfield>
  </datafield>
  <datafield tag="100" ind1="1" ind2=" ">
   <subfield code="a">Heagerty, Leo E.</subfield>
  </datafield>
  <datafield tag="245" ind1="1" ind2="0">
   <subfield code="a">Eyes on the President George Bush :</subfield>
   <subfield code="b">History in Essays &amp; Cartoons</subfield>
   <subfield code="c">Leo E. Heagerty</subfield>
  </datafield>
  <datafield tag="260" ind1=" " ind2=" ">
   <subfield code="a">Occidental, CA</subfield>
   <subfield code="b">Choronos Publishing</subfield>
   <subfield code="c">1993</subfield>
  </datafield>
  <datafield tag="300" ind1=" " ind2=" ">
   <subfield code="a">iii, 278 p.</subfield>
   <subfield code="b">ill.</subfield>
   <subfield code="c">21x24 cm</subfield>
  </datafield>
  <datafield tag="504" ind1=" " ind2=" ">
   <subfield code="a">Bibliogr. at the end of the book</subfield>
  </datafield>
  <datafield tag="520" ind1="3" ind2=" ">
   <subfield code="a">Conten of book: The Geogre Bush Presidency: an appraisal, the president and congress, the changing world order....</subfield>
  </datafield>
  <datafield tag="653" ind1=" " ind2=" ">
   <subfield code="a">Tham khảo</subfield>
  </datafield>
  <datafield tag="942" ind1=" " ind2=" ">
   <subfield code="2">ddc</subfield>
   <subfield code="c">BK</subfield>
  </datafield>
  <datafield tag="952" ind1=" " ind2=" ">
   <subfield code="0">0</subfield>
   <subfield code="1">0</subfield>
   <subfield code="2">ddc</subfield>
   <subfield code="4">0</subfield>
   <subfield code="6">973_920000000000000_H432</subfield>
   <subfield code="7">0</subfield>
   <subfield code="9">31307</subfield>
   <subfield code="a">000001</subfield>
   <subfield code="b">000001</subfield>
   <subfield code="d">2025-08-08</subfield>
   <subfield code="o">973.92 H432</subfield>
   <subfield code="p">TK.00434</subfield>
   <subfield code="r">2025-08-08</subfield>
   <subfield code="v">649000.00</subfield>
   <subfield code="w">2025-08-08</subfield>
   <subfield code="y">BK</subfield>
  </datafield>
  <datafield tag="980" ind1=" " ind2=" ">
   <subfield code="a">Thư viện Trường Đại học Nam Cần Thơ</subfield>
  </datafield>
 </record>
</collection>
